00158 a2200073 450000100060000010000160000624500310002226000310005340002 aSingal M K aPre-University Mathematics aNew DehlibR Chand & Co.c